| 000 | 00703nam a2200241Ia 4500 | ||
|---|---|---|---|
| 003 | OSt | ||
| 005 | 20221005130545.0 | ||
| 006 | a|||||r|||| 00| 0 | ||
| 007 | ta | ||
| 008 | 221004b |||||||| |||| 00| 0 eng d | ||
| 024 | _a26960 | ||
| 037 | _cTextual | ||
| 040 |
_aCRL _cCRL _beng |
||
| 041 |
_2eng _aeng |
||
| 082 | _a904p1:N64, K41-;1 | ||
| 110 | _aInternational Congress of Orientalists, 26. 1964 (New Delhi) | ||
| 245 | 0 |
_aRole of oriental studies in humanities _b A symposium. |
|
| 260 | _c1964 | ||
| 300 |
_a56p _ccm. |
||
| 700 | _aInternational Congress of Orientalists, 26. 1964 (New Delhi) | ||
| 942 |
_h904p1:N64, K41-;1 _cTEXL _2cc |
||
| 999 |
_c1057644 _d1057644 |
||